la possible équipe de France en 2026 - Statistiques

Statistiques générales
  • Ce quiz a été pris 462 fois
  • Le résultat moyen est 12 sur 24
Statistiques - réponses
postes joueurs % Correct
gardien Maignan
90%
millieu Mbappé
89%
attaquant Mbappé
89%
défenseur upamecano
68%
défenseur hernandez
64%
défenseur hernandez
64%
millieu Camavinga
63%
défenseur Konate
63%
millieu Tchouaméni
61%
attaquant Dembélé
59%
sélectionneur Zidane
58%
attaquant Kolo Muani
57%
défenseur koundé
53%
attaquant Coman
44%
millieu Thuram
43%
gardien Lafont
42%
défenseur saliba
37%
gardien Meslier
30%
attaquant cherki
22%
attaquant nkunku
21%
millieu Pogba
18%
défenseur gusto
15%
défenseur disasi
14%
millieu Caqueret
11%
Aucun quiz correspondant
Distribution des résultats
% des personnes avec chaque résultat
Percentile par nombre de réponses
Votre historique - résultats
Vous n’avez pas pris ce quiz